000
00308nam a22001337a 4500
008
170508b xxu||||| |||| 00| 0 eng d
020
_a
9780314906991
041
_a
eng
080
_a
343.9
100
_a
15
101
_a
SHJ
245
_a
CRIMINAL PROCEDURES CONSTITUTION
_c
ISRAEL..J/H
942
_2
udc
_c
BK
999
_c
13031
_d
13031